Southville International School and Colleges
Your cart is empty.
  • Cart
  • Lists
    Public lists Eva Luna New books Lux_list list_1
    Your lists Log in to create your own lists
  • Log in to your account
  • Your cookies
  • Search history
Southville International School and Colleges
  • Advanced search
  • Recent comments
  • Most popular
  • Libraries

Log in to your account

Log in with GOOGLE


If you do not have an external account, but do have a local account, you can still log in:

  1. Home
  2. MARC view: The exiles in love /
Normal view MARC view ISBD view

The exiles in love / (Record no. 289037)

[ view plain ]
MARC details
000 -LEADER
fixed length control field 01137pam a2200325 a 4500
001 - CONTROL NUMBER
control field 3071717
003 - CONTROL NUMBER IDENTIFIER
control field PILC
005 - DATE AND TIME OF LATEST TRANSACTION
control field 20160106090651.0
008 - FIXED-LENGTH DATA ELEMENTS--GENERAL INFORMATION
fixed length control field 970722s1998 nyu c 000 1 eng
010 ## - LIBRARY OF CONGRESS CONTROL NUMBER
LC control number 97030237
020 ## - INTERNATIONAL STANDARD BOOK NUMBER
International Standard Book Number 0689817525
040 ## - CATALOGING SOURCE
Original cataloging agency DLC
Transcribing agency DLC
Modifying agency DLC
042 ## - AUTHENTICATION CODE
Authentication code lcac
050 00 - LIBRARY OF CONGRESS CALL NUMBER
Classification number PZ 7
Item number .M478 1998
082 00 - DEWEY DECIMAL CLASSIFICATION NUMBER
Classification number [Fic]
100 1# - MAIN ENTRY--PERSONAL NAME
Personal name McKay, Hilary.
245 14 - TITLE STATEMENT
Title The exiles in love /
Statement of responsibility, etc Hilary McKay.
250 ## - EDITION STATEMENT
Edition statement 1st U.S. ed.
260 ## - PUBLICATION, DISTRIBUTION, ETC. (IMPRINT)
Place of publication, distribution, etc New York :
Name of publisher, distributor, etc Margaret K. McElderry Books,
Date of publication, distribution, etc 1998.
300 ## - PHYSICAL DESCRIPTION
Extent 170 pages ;
Dimensions 22 cm.
500 ## - GENERAL NOTE
General note "First published in 1996"--verso t.p.
520 ## - SUMMARY, ETC.
Summary, etc When Big Grandma takes the four Conroy sisters on holiday as a cure for the "family failing," the girls wonder if their grandmother herself is still susceptible to it.
650 #1 - SUBJECT ADDED ENTRY--TOPICAL TERM
Topical term or geographic name as entry element Sisters
General subdivision Fiction.
650 #1 - SUBJECT ADDED ENTRY--TOPICAL TERM
Topical term or geographic name as entry element Grandmothers
General subdivision Fiction.
651 #1 - SUBJECT ADDED ENTRY--GEOGRAPHIC NAME
Geographic name England
General subdivision Fiction.
906 ## - LOCAL DATA ELEMENT F, LDF (RLIN)
a 7
b cbc
c orignew
d 1
e ocip
f 19
g y-gencatlg
942 ## - ADDED ENTRY ELEMENTS (KOHA)
Source of classification or shelving scheme Library of Congress Classification
Koha item type Books
Call number prefix Foreign
Holdings
Withdrawn status Lost status Source of classification or shelving scheme Damaged status Home library Current library Shelving location Date acquired Source of acquisition Sub Shelving location Total Checkouts Full call number Barcode Date last seen Price effective from Koha item type
    Library of Congress Classification   College Library College Library Fiction Section 01/06/2016 Donation     PZ 7 .M478 1998 C20356 05/08/2018 01/06/2016 Books

The exiles in love /

APA

McKay H., . (1998). The exiles in love. New York: Margaret K. McElderry Books.

Chicago

McKay Hilary, . 1998. The exiles in love. New York: Margaret K. McElderry Books.

Harvard

McKay H., . (1998). The exiles in love. New York: Margaret K. McElderry Books.

MLA

McKay Hilary, . The exiles in love. New York: Margaret K. McElderry Books. 1998.

  • Place hold
  • Print
  • Cite
  • Add to your cart (remove)
  • Save record
    BIBTEX Dublin Core MARCXML MARC (non-Unicode/MARC-8) MARC (Unicode/UTF-8) MARC (Unicode/UTF-8, Standard) MODS (XML) RIS
  • More searches
    Search for this title in:
    Other Libraries (WorldCat) Other Databases (Google Scholar) Online Stores (Bookfinder.com) Open Library (openlibrary.org)

Exporting to Dublin Core...

SOUTHVILLE LIBRARY

Southville International School and Colleges Library

1281 Tropical Ave. Cor. Luxembourg St., BF Homes International, Las Pinas City

Tel. No. 8256374 / 252358 Loc. 117/146

Powered by Koha